[Event "Olympiad-34"]
[Site "Istanbul"]
[Date "2000.11.06"]
[Round "9.3"]
[White "Gunawan, Ruben"]
[Black "Tu, Hoang Thong"]
[Result "1/2-1/2"]
[WhiteElo "2503"]
[BlackElo "2514"]
[PlyCount "32"]
[EventDate "2000.10.28"]
[EventType "team-swiss"]
[EventRounds "14"]
[EventCountry "TUR"]
[SourceTitle "EXT 2001"]
[Source "ChessBase"]
[SourceDate "2000.11.22"]
[SourceVersion "1"]
[SourceVersionDate "2000.11.22"]
[SourceQuality "1"]
[WhiteTeam "Indonesia"]
[BlackTeam "Vietnam"]
[WhiteTeamCountry "INA"]
[BlackTeamCountry "VIE"]

1. d4 d5 2. Nf3 Nf6 3. c4 c6 4. Qc2 dxc4 5. Qxc4 Bf5 6. g3 e6 7. Bg2 Nbd7 8. e3 Be7 9. 0-0 0-0 10. Nc3 b5 11. Qe2 b4 12. Nb1 c5 13. Nbd2 Rc8 14. a3 bxa3 15. b3 Ne4 16. Nxe4 Bxe4 1/2-1/2

[Event "Olympiad-34"]
[Site "Istanbul"]
[Date "2000.11.05"]
[Round "8.1"]
[White "Svetushkin, Dmitry"]
[Black "Gunawan, Ruben"]
[Result "1-0"]
[WhiteElo "2472"]
[BlackElo "2503"]
[PlyCount "69"]
[EventDate "2000.10.28"]
[EventType "team-swiss"]
[EventRounds "14"]
[EventCountry "TUR"]
[SourceTitle "EXT 2001"]
[Source "ChessBase"]
[SourceDate "2000.11.22"]
[SourceVersion "1"]
[SourceVersionDate "2000.11.22"]
[SourceQuality "1"]
[WhiteTeam "Moldova"]
[BlackTeam "Indonesia"]
[WhiteTeamCountry "MDA"]
[BlackTeamCountry "INA"]

1. e4 c5 2. Nf3 e6 3. d4 cxd4 4. Nxd4 a6 5. Bd3 Qc7 6. 0-0 Nf6 7. Qe2 d6 8. c4 g6 9. Nc3 Bg7 10. Rd1 0-0 11. Nf3 Nbd7 12. h3 b6 13. Bf4 Bb7 14. Rac1 Ne5 15. Be3 Rac8 16. Nxe5 dxe5 17. Na4 Bxe4 18. Nxb6 Rcd8 19. Bxe4 Nxe4 20. c5 f5 21. c6 Rxd1+ 22. Qxd1 f4 23. Qd7 Rf7 24. Qe8+ Bf8 25. Na8 Qd6 26. c7 fxe3 27. fxe3 Rf2 28. Qd8 Rd2 29. Qxd6 Nxd6 30. Nb6 Bh6 31. Nc4 Bxe3+ 32. Kh1 Nc8 33. Nxd2 Kf7 34. Rd1 Ke7 35. Nf3 1-0

[Event "Japfa Classic"]
[Site "Bali"]
[Date "2000.04.30"]
[Round "8"]
[White "Adianto, Utut"]
[Black "Gunawan, Ruben"]
[Result "1/2-1/2"]
[WhiteElo "2584"]
[BlackElo "2507"]
[PlyCount "55"]
[EventDate "2000.04.22"]
[EventType "tourn"]
[EventRounds "9"]
[EventCountry "INA"]
[EventCategory "16"]
[SourceTitle "CBM 077"]
[Source "ChessBase"]
[SourceDate "2000.07.27"]
[SourceVersion "1"]
[SourceVersionDate "2000.07.27"]
[SourceQuality "1"]

1. d4 e6 2. c4 c5 3. e3 Nf6 4. Nc3 d5 5. Nf3 Nc6 6. a3 a6 7. dxc5 Bxc5 8. b4 Ba7 9. Bb2 0-0 10. Qc2 Qe7 11. Be2 dxc4 12. Bxc4 b5 13. Bd3 Bb7 14. Ne4 Nxe4 15. Bxe4 Rac8 16. Bxh7+ Kh8 17. Bd3 Nxb4 18. Qe2 Nxd3+ 19. Qxd3 Rfd8 20. Qe2 Be4 21. Nd4 Qg5 22. f4 Qg6 23. Qf2 f6 24. Qg3 e5 25. fxe5 fxe5 26. Ne2 Kg8 27. Bxe5 Rc2 28. Bd4 1/2-1/2

[Event "Japfa Classic"]
[Site "Bali"]
[Date "2000.04.29"]
[Round "7"]
[White "Gunawan, Ruben"]
[Black "Polgar, Judit"]
[Result "1/2-1/2"]
[WhiteElo "2507"]
[BlackElo "2658"]
[PlyCount "91"]
[EventDate "2000.04.22"]
[EventType "tourn"]
[EventRounds "9"]
[EventCountry "INA"]
[EventCategory "16"]
[SourceTitle "CBM 077"]
[Source "ChessBase"]
[SourceDate "2000.07.27"]
[SourceVersion "1"]
[SourceVersionDate "2000.07.27"]
[SourceQuality "1"]

1. e4 c5 2. Nf3 d6 3. d4 cxd4 4. Nxd4 Nf6 5. Nc3 a6 6. f3 e6 7. Be3 b5 8. g4 Bb7 9. Qd2 Nfd7 10. 0-0-0 Nb6 11. Bg5 Be7 12. Bxe7 Qxe7 13. Nb3 Nc8 14. h4 Nd7 15. g5 0-0 16. Kb1 Ra7 17. Nd4 Ncb6 18. Ndxb5 axb5 19. Nxb5 Raa8 20. Qxd6 Qxd6 21. Rxd6 Rad8 22. Be2 Nc8 23. Rdd1 Ba6 24. a4 Nc5 25. b3 e5 26. Kb2 Ne7 27. Bc4 Nc6 28. Bd5 Bxb5 29. axb5 Nd4 30. f4 Nxb5 31. fxe5 Rb8 32. h5 Nc7 33. g6 hxg6 34. hxg6 N7e6 35. gxf7+ Kxf7 36. Ra1 Rfd8 37. Rh3 Ke7 38. Rg1 Rf8 39. Rg6 Rf2 40. Kc3 Rc8 41. Kb2 Rb8 42. Rhg3 Rh2 43. Kc3 Rc8 44. Kb2 Rb8 45. Kc3 Rc8 46. Kb2 1/2-1/2

[Event "Japfa Classic"]
[Site "Bali"]
[Date "2000.04.27"]
[Round "5"]
[White "Gunawan, Ruben"]
[Black "Seirawan, Yasser"]
[Result "1/2-1/2"]
[WhiteElo "2507"]
[BlackElo "2647"]
[PlyCount "44"]
[EventDate "2000.04.22"]
[EventType "tourn"]
[EventRounds "9"]
[EventCountry "INA"]
[EventCategory "16"]
[SourceTitle "CBM 077"]
[Source "ChessBase"]
[SourceDate "2000.07.27"]
[SourceVersion "1"]
[SourceVersionDate "2000.07.27"]
[SourceQuality "1"]

1. Nf3 Nf6 2. d4 e6 3. c4 b6 4. a3 c6 5. Bg5 d5 6. e3 Be7 7. Nbd2 h6 8. Bh4 0-0 9. Rc1 Bb7 10. Bd3 Nbd7 11. 0-0 c5 12. Qe2 Ne4 13. Bg3 Nxg3 14. hxg3 cxd4 15. exd4 dxc4 16. Bxc4 a6 17. Bd3 Nf6 18. Rc2 b5 19. Ne4 Rc8 20. Nc5 Qb6 21. Nxb7 Qxb7 22. Rfc1 Rfd8 1/2-1/2

[Event "Asia Cities-ch 11th"]
[Site "Genting Highlands"]
[Date "1998.04.11"]
[Round "5"]
[White "Iuldachev, Saidali"]
[Black "Gunawan, Ruben"]
[Result "1-0"]
[WhiteElo "2515"]
[BlackElo "2485"]
[PlyCount "51"]
[EventDate "1998.04.09"]
[EventType "team-swiss"]
[EventRounds "9"]
[EventCountry "MAS"]
[SourceTitle "EXT 2020"]
[Source "ChessBase"]
[SourceDate "2019.10.17"]
[SourceVersion "1"]
[SourceVersionDate "2019.10.17"]
[SourceQuality "1"]
[WhiteTeam "Tashkent"]
[BlackTeam "Palembang"]
[WhiteTeamCountry "UZB"]
[BlackTeamCountry "INA"]

1. e4 c5 2. Nf3 Nc6 3. Nc3 e6 4. Bb5 Nge7 5. 0-0 a6 6. Bxc6 Nxc6 7. d4 cxd4 8. Nxd4 Qc7 9. Re1 Bd6 10. Nxc6 dxc6 11. Qh5 e5 12. Be3 b5 13. a4 Bb7 14. axb5 cxb5 15. Rad1 0-0 16. Nd5 Qc6 17. Rd3 f5 18. exf5 Qxc2 19. Red1 Qc6 20. f6 g6 21. Qg5 e4 22. R3d2 Rae8 23. Ne7+ Bxe7 24. fxe7 Rf5 25. Qg3 Qf6 26. Rd8 1-0

[Event "Asia Cities-ch 11th"]
[Site "Genting Highlands"]
[Date "1998.04.09"]
[Round "1"]
[White "Chan, Mark"]
[Black "Gunawan, Ruben"]
[Result "1/2-1/2"]
[WhiteElo "2225"]
[BlackElo "2485"]
[PlyCount "99"]
[EventDate "1998.04.09"]
[EventType "team-swiss"]
[EventRounds "9"]
[EventCountry "MAS"]
[SourceTitle "EXT 2020"]
[Source "ChessBase"]
[SourceDate "2019.10.17"]
[SourceVersion "1"]
[SourceVersionDate "2019.10.17"]
[SourceQuality "1"]
[WhiteTeam "Singapore"]
[BlackTeam "Palembang"]
[WhiteTeamCountry "SIN"]
[BlackTeamCountry "INA"]

1. e4 c5 2. c3 Nf6 3. e5 Nd5 4. d4 cxd4 5. cxd4 d6 6. Nf3 Nc6 7. Bc4 e6 8. 0-0 Be7 9. Bd2 0-0 10. Nc3 Nb6 11. Bb5 Bd7 12. a3 Rc8 13. exd6 Bxd6 14. Ne4 Be7 15. Qe2 Be8 16. Be3 Nd5 17. Rac1 Nf6 18. Nc5 b6 19. Nd3 Nd5 20. Ba6 Rc7 21. Bd2 Bf6 22. Nde5 Nde7 23. Be3 Nd5 24. Bd2 Qb8 25. Nxc6 Bxc6 26. Ne5 Bb7 27. Bb5 Rd8 28. Rxc7 Qxc7 29. Rc1 Qd6 30. Bc6 Bxc6 31. Nxc6 Rd7 32. Qa6 h5 33. Nxa7 Ne7 34. Nb5 Qd5 35. Be3 Nf5 36. Nc3 Qb7 37. Qxb7 Rxb7 38. Nb5 Rd7 39. Kf1 e5 40. dxe5 Nxe3+ 41. fxe3 Bxe5 42. Rc2 Bxh2 43. Ke2 Rd5 44. a4 Rg5 45. Kf3 Rg4 46. Nd4 Be5 47. Rc4 Rh4 48. Rb4 Bc7 49. Rc4 Be5 50. Rb4 1/2-1/2

[Event "Jakarta op"]
[Site "Jakarta"]
[Date "1997.??.??"]
[Round "?"]
[White "Gunawan, Ruben"]
[Black "Chiong Zacarias, Romero Luis"]
[Result "1/2-1/2"]
[WhiteElo "2460"]
[BlackElo "2390"]
[PlyCount "34"]
[EventDate "1997.??.??"]
[EventType "swiss"]
[EventRounds "9"]
[EventCountry "INA"]
[SourceTitle "EXT 2000"]
[Source "ChessBase"]
[SourceDate "1999.11.16"]
[SourceVersion "1"]
[SourceVersionDate "1999.11.16"]
[SourceQuality "1"]

1. Nf3 Nf6 2. c4 d6 3. d4 g6 4. b3 Bg7 5. Bb2 0-0 6. g3 Nbd7 7. Bg2 c6 8. 0-0 Re8 9. Re1 Qc7 10. e4 e5 11. Nc3 exd4 12. Qxd4 Ne5 13. Qd2 Nfd7 14. Na4 a6 15. Nxe5 dxe5 16. c5 Nf8 17. Nb6 Rb8 1/2-1/2

[Event "Jakarta op"]
[Site "Jakarta"]
[Date "1997.??.??"]
[Round "?"]
[White "Sadikin The, Irwanto"]
[Black "Gunawan, Ruben"]
[Result "0-1"]
[WhiteElo "2280"]
[BlackElo "2460"]
[PlyCount "122"]
[EventDate "1997.??.??"]
[EventType "swiss"]
[EventRounds "9"]
[EventCountry "INA"]
[SourceTitle "EXT 2000"]
[Source "ChessBase"]
[SourceDate "1999.11.16"]
[SourceVersion "1"]
[SourceVersionDate "1999.11.16"]
[SourceQuality "1"]

1. e4 c5 2. Nf3 Nc6 3. d4 cxd4 4. Nxd4 Nf6 5. Nc3 d6 6. Be2 e5 7. Nf3 h6 8. 0-0 Be6 9. h3 Be7 10. Be3 0-0 11. Qd2 Rc8 12. Rfd1 a6 13. a3 Nb8 14. Rac1 Nbd7 15. Bd3 Qc7 16. Qe2 Rfe8 17. Nh2 Bf8 18. Ng4 Bxg4 19. hxg4 d5 20. g5 d4 21. gxf6 Nxf6 22. Nd5 Nxd5 23. exd5 dxe3 24. Qxe3 e4 25. Bxe4 Qe5 26. Bf3 Qxb2 27. Qd2 Bd6 28. Rb1 Qe5 29. g3 b5 30. Kg2 Qc3 31. a4 b4 32. Be2 a5 33. Bb5 Red8 34. Bc6 Qf6 35. Qd4 Qxd4 36. Rxd4 Bxg3 37. fxg3 Rxc6 38. dxc6 Rxd4 39. c3 Rc4 40. cxb4 axb4 41. a5 Kh7 42. c7 Rxc7 43. Rxb4 Rc2+ 44. Kh3 Ra2 45. Rb7 f5 46. Rb5 Kg6 47. Rb6+ Kh5 48. Rb5 Kg5 49. Rb7 g6 50. Ra7 Kh5 51. Ra8 g5 52. g4+ fxg4+ 53. Kg3 Ra3+ 54. Kg2 Kh4 55. a6 Ra2+ 56. Kf1 Kg3 57. a7 h5 58. Rh8 Rxa7 59. Rxh5 Kf3 60. Ke1 Ra1+ 61. Kd2 g3 0-1

[Event "World Cities"]
[Site "Jakarta "]
[Date "1997.??.??"]
[Round "6"]
[White "Sitanggang, Salor"]
[Black "Gunawan, Ruben"]
[Result "1-0"]
[WhiteElo "2410"]
[BlackElo "2460"]
[PlyCount "53"]
[EventDate "1997.07.08"]
[EventType "swiss"]
[EventRounds "10"]
[EventCountry "INA"]
[SourceTitle "CBM 058 Extra"]
[Source "ChessBase"]
[SourceDate "1997.07.29"]
[SourceVersion "1"]
[SourceVersionDate "1997.07.29"]
[SourceQuality "1"]

1. c4 b6 2. Nc3 e6 3. e4 Bb7 4. a3 c5 5. Nge2 Nf6 6. f3 d5 7. cxd5 exd5 8. exd5 Be7 9. d4 0-0 10. dxc5 Bxc5 11. Bg5 Nbd7 12. Qb3 h6 13. Bxf6 Nxf6 14. 0-0-0 Re8 15. Ng3 Rc8 16. Kb1 Re3 17. Nf5 Re5 18. g4 g6 19. f4 Re8 20. Nxh6+ Kg7 21. g5 Ne4 22. Bb5 Re7 23. Nxe4 Rxe4 24. Bc6 Rc7 25. Bxb7 Rxb7 26. Qc3+ Kh7 27. Ng4 1-0

[Event "Jakarta Gunadarma"]
[Site "Jakarta"]
[Date "1996.??.??"]
[Round "5"]
[White "Adianto, Utut"]
[Black "Gunawan, Ruben"]
[Result "1-0"]
[WhiteElo "2605"]
[BlackElo "2425"]
[PlyCount "55"]
[EventDate "1996.10.15"]
[EventType "tourn"]
[EventRounds "9"]
[EventCountry "INA"]
[EventCategory "13"]
[SourceTitle "CBM 056"]
[Source "ChessBase"]
[SourceDate "1997.02.01"]
[SourceVersion "1"]
[SourceVersionDate "1997.02.01"]
[SourceQuality "1"]

1. d4 Nf6 2. c4 g6 3. Nc3 Bg7 4. e4 d6 5. f3 0-0 6. Bg5 c5 7. d5 e6 8. Qd2 exd5 9. cxd5 a6 10. a4 Nbd7 11. Nh3 Re8 12. Be2 Ne5 13. Nf2 Qc7 14. 0-0 Rb8 15. Bxf6 Bxf6 16. f4 Nd7 17. e5 dxe5 18. d6 Qd8 19. Nfe4 Bg7 20. f5 gxf5 21. Rxf5 Nf8 22. Raf1 Bxf5 23. Rxf5 Ne6 24. Nd5 Nd4 25. Ndf6+ Kh8 26. Rh5 Nxe2+ 27. Kf1 Bxf6 28. Qh6 1-0

[Event "Jakarta Gunadarma"]
[Site "Jakarta"]
[Date "1996.??.??"]
[Round "6"]
[White "Gunawan, Ruben"]
[Black "Torre, Eugenio"]
[Result "1/2-1/2"]
[WhiteElo "2425"]
[BlackElo "2535"]
[PlyCount "102"]
[EventDate "1996.10.15"]
[EventType "tourn"]
[EventRounds "9"]
[EventCountry "INA"]
[EventCategory "13"]
[SourceTitle "CBM 056"]
[Source "ChessBase"]
[SourceDate "1997.02.01"]
[SourceVersion "1"]
[SourceVersionDate "1997.02.01"]
[SourceQuality "1"]

1. Nf3 c5 2. e4 Nc6 3. Bb5 e6 4. c3 Nf6 5. Qe2 Qc7 6. 0-0 a6 7. Ba4 b5 8. Bc2 Bb7 9. d3 d6 10. Nbd2 Be7 11. Re1 0-0 12. Nf1 Rac8 13. h3 d5 14. Bg5 d4 15. cxd4 cxd4 16. Bb3 Qb6 17. Ng3 Nd7 18. Bxe7 Nxe7 19. Qd2 Nc5 20. Bc2 Qd6 21. b4 Na4 22. Bxa4 bxa4 23. a3 e5 24. Rec1 Rxc1+ 25. Rxc1 Rc8 26. Nf1 f6 27. Qd1 Rxc1 28. Qxc1 Qc6 29. Qxc6 Bxc6 30. N1d2 Kf7 31. Kf1 Ke6 32. Ke2 Bb5 33. Nc4 g6 34. g3 h6 35. h4 Nc6 36. Nfd2 Nd8 37. f4 Nf7 38. Nf3 Bd7 39. Kf2 Be8 40. Ke2 Bb5 41. Kd2 g5 42. f5+ Ke7 43. h5 Be8 44. g4 Kd8 45. Kc2 Kc7 46. Nfd2 Nd8 47. Na5 Bf7 48. Ndc4 Nc6 49. Nxc6 Kxc6 50. Na5+ Kd6 51. Kd2 Bg8 1/2-1/2

[Event "Jakarta Gunadarma"]
[Site "Jakarta"]
[Date "1996.??.??"]
[Round "7"]
[White "Hickl, Joerg"]
[Black "Gunawan, Ruben"]
[Result "0-1"]
[WhiteElo "2600"]
[BlackElo "2425"]
[PlyCount "80"]
[EventDate "1996.10.15"]
[EventType "tourn"]
[EventRounds "9"]
[EventCountry "INA"]
[EventCategory "13"]
[SourceTitle "CBM 056"]
[Source "ChessBase"]
[SourceDate "1997.02.01"]
[SourceVersion "1"]
[SourceVersionDate "1997.02.01"]
[SourceQuality "1"]

1. e4 e5 2. Nf3 Nc6 3. Bb5 Nge7 4. 0-0 a6 5. Bc4 Ng6 6. d4 Be7 7. dxe5 Ngxe5 8. Nxe5 Nxe5 9. Bb3 d6 10. f4 Nd7 11. Be3 0-0 12. Nd2 Nf6 13. Kh1 Bd7 14. Qe2 Bc6 15. Bf2 Qd7 16. Rae1 Rae8 17. Qd3 Qg4 18. Bg1 Nh5 19. Qe2 Qg6 20. Qf3 Bh4 21. Bf2 Bxf2 22. Rxf2 Kh8 23. f5 Qg5 24. c4 Re7 25. Bc2 Rfe8 26. Kg1 Nf6 27. Rfe2 b5 28. cxb5 axb5 29. Qc3 Bb7 30. Bd3 c6 31. Nf3 Qg4 32. Qd4 c5 33. Qxd6 Rd7 34. Ne5 Rxd6 35. Nxg4 Rxd3 36. Nf2 Rdd8 37. e5 Nd5 38. Nd3 Rc8 39. e6 f6 40. Rd2 g6 0-1

[Event "SUI-ch op"]
[Site "Luzern"]
[Date "1994.07.17"]
[Round "4"]
[White "Gunawan, Ruben"]
[Black "Moeschinger, Markus"]
[Result "1-0"]
[WhiteElo "2345"]
[BlackElo "2055"]
[PlyCount "33"]
[EventDate "1994.07.14"]
[EventType "swiss"]
[EventRounds "9"]
[EventCountry "SUI"]
[SourceTitle "EXT 1999"]
[Source "ChessBase"]
[SourceDate "1998.11.16"]
[SourceVersion "1"]
[SourceVersionDate "1998.11.16"]
[SourceQuality "1"]

1. e4 c6 2. Nc3 d5 3. Nf3 Bg4 4. h3 Bh5 5. exd5 cxd5 6. g4 Bg6 7. h4 h6 8. Ne5 Qd6 9. d4 Bh7 10. Bf4 Nf6 11. Bb5+ Nc6 12. Nxc6 Qxf4 13. Ne5+ Kd8 14. Nxf7+ Kc8 15. Nxh8 Nxg4 16. Qd2 Qf3 17. Rg1 1-0

[Event "New York op"]
[Site "New York"]
[Date "1994.??.??"]
[Round "7"]
[White "Gunawan, Ruben"]
[Black "Oliveira, Paulo Sergio De Cas"]
[Result "1-0"]
[WhiteElo "2315"]
[BlackElo "2155"]
[PlyCount "65"]
[EventDate "1994.03.30"]
[EventType "swiss"]
[EventRounds "9"]
[EventCountry "USA"]
[SourceTitle "CBM 040 Extra"]
[Source "ChessBase"]
[SourceDate "1994.07.01"]
[SourceVersion "1"]
[SourceVersionDate "1994.07.01"]
[SourceQuality "1"]

1. e4 b6 2. d4 Bb7 3. Nd2 e6 4. Ngf3 c5 5. c3 Nf6 6. Bd3 Nc6 7. a3 d5 8. e5 Nd7 9. b4 c4 10. Bc2 a6 11. 0-0 Qc7 12. Ng5 Ncxe5 13. dxe5 Qxe5 14. Ndf3 Qxc3 15. Bd2 Qf6 16. Nxh7 Qe7 17. Re1 0-0-0 18. Nxf8 Nxf8 19. Bf4 f6 20. Qd4 g5 21. Bxg5 Nd7 22. Bf4 Rdf8 23. Bg3 Rh5 24. Qd1 Rfh8 25. Bg6 R5h6 26. Bf5 e5 27. Qd4 Qd6 28. Red1 Qc6 29. Bxd7+ Qxd7 30. Qxb6 d4 31. Nxd4 Rxh2 32. Bxh2 Qh7 33. Qe6+ 1-0

[Event "New York op"]
[Site "New York"]
[Date "1994.??.??"]
[Round "4"]
[White "Gunawan, Ruben"]
[Black "Solozhenkin, Evgeniy"]
[Result "1-0"]
[WhiteElo "2315"]
[BlackElo "2525"]
[PlyCount "81"]
[EventDate "1994.03.30"]
[EventType "swiss"]
[EventRounds "9"]
[EventCountry "USA"]
[SourceTitle "CBM 040 Extra"]
[Source "ChessBase"]
[SourceDate "1994.07.01"]
[SourceVersion "1"]
[SourceVersionDate "1994.07.01"]
[SourceQuality "1"]

1. e4 Nf6 2. e5 Nd5 3. d4 d6 4. Nf3 Bg4 5. Be2 e6 6. 0-0 Be7 7. c4 Nb6 8. Be3 0-0 9. Nbd2 Nc6 10. h3 Bh5 11. exd6 cxd6 12. Qb3 d5 13. c5 Bxf3 14. Bxf3 Na5 15. Qc3 Nbc4 16. Nxc4 Nxc4 17. Be2 Nxe3 18. Qxe3 a5 19. b3 b6 20. c6 Qd6 21. Bb5 Qa3 22. Rfd1 Bd6 23. Rac1 Bc7 24. Rc2 Rae8 25. Re2 Re7 26. g3 f6 27. Qf3 f5 28. Rde1 Rf6 29. Kg2 f4 30. g4 h6 31. Rd1 g6 32. Bd3 Kg7 33. h4 Qd6 34. g5 hxg5 35. hxg5 Rf8 36. Rh1 Rg8 37. Rh6 Kf8 38. Qg4 Qxc6 39. Bxg6 Qc3 40. Rxe6 f3+ 41. Kh3 1-0